[Event "Bundesliga 9697"]
[Site "Deutschland"]
[Date "1997.??.??"]
[Round "?.5"]
[White "Mueller, Matthias"]
[Black "Proehl, Holger"]
[Result "1-0"]
[WhiteElo "2375"]
[BlackElo "2395"]
[PlyCount "87"]
[EventDate "1996.10.??"]
[EventType "team"]
[EventRounds "15"]
[EventCountry "GER"]
[SourceTitle "Bundesliga 9697"]
[Source "DeepChess"]
[SourceDate "2005.01.01"]
[SourceVersion "1"]
[SourceVersionDate "2005.01.01"]
[SourceQuality "1"]
[WhiteTeam "SV Erfurt West 90"]
[BlackTeam "USC Magdeburg"]
[WhiteTeamCountry "GER"]
[BlackTeamCountry "GER"]

1. e4 e6 2. d4 d5 3. Nc3 dxe4 4. Nxe4 Nd7 5. Nf3 Ngf6 6. Nxf6+ Nxf6 7. Bd3 Be7
8. Qe2 c5 9. Bg5 Qa5+ 10. Bd2 Qc7 11. dxc5 Qxc5 12. O-O-O a6 13. Ne5 b5 14.
Rhe1 Bb7 15. Kb1 Bd5 16. f4 Nd7 17. Nxd7 Kxd7 18. Bc3 Bf6 19. Bxf6 gxf6 20. Be4
Rhe8 21. Qh5 Kc6 22. Qxf7 Bxe4 23. Rxe4 Qe7 24. Qh5 Rad8 25. Ree1 Rxd1+ 26.
Rxd1 e5 27. fxe5 fxe5 28. Qh6+ Kb7 29. Rd6 Qc7 30. Qd2 Qc5 31. Rd7+ Kc8 32. b4
Qc6 33. Rd5 Qb6 34. Qc3+ Kb7 35. Rxe5 Rxe5 36. Qxe5 Qg6 37. g3 Qf7 38. a3 Qg6
39. Kb2 Qf7 40. g4 Qg6 41. g5 Qf7 42. h4 Qh5 43. Qg7+ Kc6 44. Qa7 1-0

[Event "Bundesliga 9697"]
[Site "Deutschland"]
[Date "1997.??.??"]
[Round "?.6"]
[White "Stolz, Mike"]
[Black "Troyke, Christian"]
[Result "1/2-1/2"]
[WhiteElo "2280"]
[BlackElo "2380"]
[PlyCount "124"]
[EventDate "1996.10.??"]
[EventType "team"]
[EventRounds "15"]
[EventCountry "GER"]
[SourceTitle "Bundesliga 9697"]
[Source "DeepChess"]
[SourceDate "2005.01.01"]
[SourceVersion "1"]
[SourceVersionDate "2005.01.01"]
[SourceQuality "1"]
[WhiteTeam "USC Magdeburg"]
[BlackTeam "SV Erfurt West 90"]
[WhiteTeamCountry "GER"]
[BlackTeamCountry "GER"]

1. Nf3 Nf6 2. c4 g6 3. g3 Bg7 4. Bg2 O-O 5. O-O d6 6. d4 Nbd7 7. Nc3 e5 8. e4
exd4 9. Nxd4 Re8 10. h3 Nc5 11. Re1 Bd7 12. f3 a6 13. Be3 Rb8 14. Qd2 b5 15. b4
Ne6 16. cxb5 Nxd4 17. Bxd4 axb5 18. Rad1 Qc8 19. Kh2 c5 20. bxc5 dxc5 21. Bxf6
Bxf6 22. e5 Rxe5 23. Ne4 Rxe4 24. Rxe4 Bf5 25. Re2 Qc7 26. Qd6 Qxd6 27. Rxd6
Kg7 28. g4 Be6 29. f4 Bc4 30. Rc2 Bd4 31. Rd7 Rb6 32. Bd5 Bxd5 33. Rxd5 Ra6 34.
Re2 Ra3 35. Kg2 Be3 36. Re5 Bd4 37. Re7 b4 38. Rb7 Be3 39. h4 h6 40. Kf3 Bd4+
41. Ke4 Rh3 42. Kd5 Rf3 43. Re4 Bf2 44. g5 hxg5 45. hxg5 Bd4 46. Rb8 Rf2 47.
Kd6 Rxa2 48. Ree8 Rh2 49. Rg8+ Kh7 50. Ke7 Rf2 51. Rgf8 Rxf4 52. Rxf7+ Rxf7+
53. Kxf7 Be3 54. Kf6 Bd4+ 55. Kf7 Be3 56. Rb5 Bxg5 57. Rxc5 Kh6 58. Rc6 Bd2 59.
Rxg6+ Kh5 60. Kf6 b3 61. Kf5 b2 62. Rb6 Bc1 1/2-1/2

[Event "Bundesliga 9697"]
[Site "Deutschland"]
[Date "1997.??.??"]
[Round "?.7"]
[White "Brueggemann, Joachim"]
[Black "Kapischka, Jens"]
[Result "0-1"]
[WhiteElo "2285"]
[BlackElo "2315"]
[PlyCount "68"]
[EventDate "1996.10.??"]
[EventType "team"]
[EventRounds "15"]
[EventCountry "GER"]
[SourceTitle "Bundesliga 9697"]
[Source "DeepChess"]
[SourceDate "2005.01.01"]
[SourceVersion "1"]
[SourceVersionDate "2005.01.01"]
[SourceQuality "1"]
[WhiteTeam "SV Erfurt West 90"]
[BlackTeam "USC Magdeburg"]
[WhiteTeamCountry "GER"]
[BlackTeamCountry "GER"]

1. e4 c5 2. Nf3 d6 3. d4 cxd4 4. Nxd4 Nf6 5. Nc3 a6 6. Bg5 e6 7. Qe2 Be7 8.
O-O-O Nbd7 9. f4 Qc7 10. g4 b5 11. Bg2 Rb8 12. Rhe1 Bb7 13. a3 O-O 14. f5 Nc5
15. h4 Rfc8 16. fxe6 fxe6 17. Kb1 Qb6 18. Na2 a5 19. Qxb5 Qc7 20. Qe2 Ba6 21.
c4 Na4 22. Rd2 Bxc4 23. Qf3 Qb6 24. Ka1 e5 25. Nf5 Bf8 26. Bxf6 gxf6 27. g5
Bxa2 28. Nh6+ Bxh6 29. gxh6 Bf7 30. Qxf6 Kf8 31. Rf1 Qb3 32. Qh8+ Ke7 33. Qf6+
Ke8 34. Qh8+ Bg8 0-1

[Event "Bundesliga 9697"]
[Site "Deutschland"]
[Date "1997.??.??"]
[Round "?.8"]
[White "Darnstaedt, Frank"]
[Black "Fuhrmann, Daniel"]
[Result "1/2-1/2"]
[WhiteElo "2295"]
[BlackElo "2280"]
[PlyCount "70"]
[EventDate "1996.10.??"]
[EventType "team"]
[EventRounds "15"]
[EventCountry "GER"]
[SourceTitle "Bundesliga 9697"]
[Source "DeepChess"]
[SourceDate "2005.01.01"]
[SourceVersion "1"]
[SourceVersionDate "2005.01.01"]
[SourceQuality "1"]
[WhiteTeam "USC Magdeburg"]
[BlackTeam "SV Erfurt West 90"]
[WhiteTeamCountry "GER"]
[BlackTeamCountry "GER"]

1. e4 c5 2. c3 d5 3. exd5 Qxd5 4. d4 Nf6 5. Nf3 e6 6. Nbd2 cxd4 7. Bc4 Qd6 8.
Nxd4 a6 9. a4 Be7 10. O-O O-O 11. Qe2 Nc6 12. N2f3 Bd7 13. Re1 h6 14. Bb3 Rac8
15. Bc2 Qb8 16. Nxc6 Bxc6 17. Ne5 Bd6 18. Bf4 Bd5 19. Bg3 b5 20. axb5 axb5 21.
Ra6 Bc7 22. Rea1 Rfd8 23. Ra7 b4 24. Bd3 bxc3 25. bxc3 Bb7 26. Bb5 Bd6 27. c4
Ne4 28. Nxf7 Bxg3 29. hxg3 Rd2 30. Qh5 Rf8 31. Nxh6+ gxh6 32. Qg6+ Kh8 33.
Qxh6+ Kg8 34. Qg6+ Kh8 35. Qh6+ Kg8 1/2-1/2

[Event "Bundesliga 9798"]
[Site "Deutschland"]
[Date "1997.??.??"]
[Round "?.2"]
[White "Wahls, Matthias"]
[Black "Almasi, Zoltan"]
[Result "1/2-1/2"]
[WhiteElo "2595"]
[BlackElo "2615"]
[PlyCount "190"]
[EventDate "1997.10.??"]
[EventType "team"]
[EventRounds "15"]
[EventCountry "GER"]
[SourceTitle "Bundesliga 9798"]
[Source "DeepChess"]
[SourceDate "2005.01.01"]
[SourceVersion "1"]
[SourceVersionDate "2005.01.01"]
[SourceQuality "1"]
[WhiteTeam "Hamburger SK 1830 e.V."]
[BlackTeam "Dresdner SC 1898"]
[WhiteTeamCountry "GER"]
[BlackTeamCountry "GER"]

1. e4 e5 2. Nf3 Nc6 3. Bb5 Nf6 4. O-O Nxe4 5. d4 Nd6 6. Bxc6 dxc6 7. dxe5 Nf5
8. Qxd8+ Kxd8 9. Nc3 Ke8 10. h3 a5 11. g4 Ne7 12. Nh2 h5 13. f4 hxg4 14. hxg4
Nd5 15. Ne4 Nb4 16. Rf2 Be6 17. a3 Bd5 18. axb4 Bxe4 19. Re2 Bd5 20. bxa5 Rh3
21. Be3 Bb4 22. Bf2 Rxa5 23. Rxa5 Bxa5 24. Re3 Rh7 25. c3 Bb6 26. Re2 Bxf2+ 27.
Rxf2 Rh3 28. Rd2 Ke7 29. Nf1 Ke6 30. Rh2 Rf3 31. Rf2 Rh3 32. Rh2 Rd3 33. Rd2
Be4 34. Re2 Bf3 35. f5+ Ke7 36. Re3 Rxe3 37. Nxe3 g5 38. Kf2 Be4 39. Nc4 b6 40.
Nd2 Bc2 41. Nf3 Bd1 42. Nxg5 Bxg4 43. f6+ Ke8 44. Kg3 Bh5 45. Kh4 Bg6 46. e6
fxe6 47. Nxe6 Bf7 48. Ng5 Bb3 49. Kg4 Bc2 50. Kf4 Kd7 51. Ke5 Bb3 52. Nf3 c5
53. Nd2 Bc2 54. Nc4 Bd3 55. Ne3 Bg6 56. Nf5 Bf7 57. Ng3 Bc4 58. Ne4 Bb3 59. Ng5
Bc4 60. Nh7 Ke8 61. Ng5 Kd7 62. Nh3 Be6 63. Nf4 Bf7 64. Ng2 Bg6 65. Ne3 Bd3 66.
Kf4 Ke6 67. Kg5 Be4 68. Ng4 Bc2 69. Ne5 Be4 70. Ng6 Kf7 71. Nf4 b5 72. Ne2 Bc2
73. Ng3 Bd3 74. Nh1 Be4 75. Nf2 Bb1 76. Ng4 Ke6 77. Ne3 Be4 78. Ng4 Bb1 79. Ne5
Be4 80. Ng6 Kf7 81. Nf4 b4 82. Ne2 Bd3 83. Ng3 Ke6 84. Nh1 Be4 85. Nf2 Bc2 86.
Ng4 bxc3 87. bxc3 Bb1 88. Ne5 Bc2 89. Nc6 Be4 90. Nd8+ Kd7 91. Kf4 Bg6 92. f7
Ke7 93. Nc6+ Kxf7 94. Ne5+ Kf6 95. Nxg6 Kxg6 1/2-1/2

[Event "Bundesliga 9798"]
[Site "Deutschland"]
[Date "1997.??.??"]
[Round "?.3"]
[White "Lanka, Zigurds"]
[Black "Mueller, Karsten"]
[Result "1/2-1/2"]
[WhiteElo "2565"]
[BlackElo "2505"]
[PlyCount "76"]
[EventDate "1997.10.??"]
[EventType "team"]
[EventRounds "15"]
[EventCountry "GER"]
[SourceTitle "Bundesliga 9798"]
[Source "DeepChess"]
[SourceDate "2005.01.01"]
[SourceVersion "1"]
[SourceVersionDate "2005.01.01"]
[SourceQuality "1"]
[WhiteTeam "Dresdner SC 1898"]
[BlackTeam "Hamburger SK 1830 e.V."]
[WhiteTeamCountry "GER"]
[BlackTeamCountry "GER"]

1. e4 e6 2. d4 d5 3. Nc3 Bb4 4. e5 Ne7 5. a3 Bxc3+ 6. bxc3 b6 7. Qg4 Ng6 8. Nf3
Ba6 9. Bxa6 Nxa6 10. O-O Qd7 11. a4 Nb8 12. Nd2 Nc6 13. Ba3 Nce7 14. a5 O-O 15.
h4 f5 16. exf6 Rxf6 17. h5 Nh8 18. Bxe7 Qxe7 19. f4 Nf7 20. c4 Qb4 21. Qe2 Nd6
22. axb6 cxb6 23. Rfb1 Qc3 24. Qd3 Qxd3 25. cxd3 dxc4 26. Nxc4 Nxc4 27. dxc4
Rxf4 28. Rxb6 Rxd4 29. Rxe6 Rxc4 30. Rea6 Rc7 31. R1a5 Kf7 32. Kh2 Ke7 33. Rg5
Kf8 34. Rga5 Ke8 35. Ra3 Re7 36. Kh3 Kd8 37. Kh4 h6 38. R3a4 Ke8 1/2-1/2

[Event "Bundesliga 9798"]
[Site "Deutschland"]
[Date "1997.??.??"]
[Round "?.4"]
[White "Heinemann, Thies"]
[Black "Boensch, Uwe"]
[Result "1/2-1/2"]
[WhiteElo "2450"]
[BlackElo "2540"]
[PlyCount "115"]
[EventDate "1997.10.??"]
[EventType "team"]
[EventRounds "15"]
[EventCountry "GER"]
[SourceTitle "Bundesliga 9798"]
[Source "DeepChess"]
[SourceDate "2005.01.01"]
[SourceVersion "1"]
[SourceVersionDate "2005.01.01"]
[SourceQuality "1"]
[WhiteTeam "Hamburger SK 1830 e.V."]
[BlackTeam "Dresdner SC 1898"]
[WhiteTeamCountry "GER"]
[BlackTeamCountry "GER"]

1. e4 c5 2. Nf3 d6 3. d4 cxd4 4. Nxd4 Nf6 5. Nc3 e6 6. g4 h6 7. h4 a6 8. Bg2 g6
9. g5 hxg5 10. Bxg5 Be7 11. Qd2 e5 12. Nde2 Be6 13. O-O-O Nbd7 14. f4 Qa5 15.
Kb1 Rc8 16. Rhf1 Bg4 17. Bf3 Bh3 18. Rf2 Qc5 19. Ng1 Be6 20. f5 Bc4 21. fxg6
fxg6 22. Rg2 Bf7 23. Nh3 Nb6 24. Be2 d5 25. exd5 Nbxd5 26. Nxd5 Qxd5 27. Qxd5
Nxd5 28. Bf3 Bxg5 29. Rxg5 Rxh4 30. Rxe5+ Kf8 31. Ng5 Nb4 32. Nxf7 Kxf7 33.
Bxb7 Rxc2 34. Bd5+ Kg7 35. a3 Rhh2 36. axb4 Rxb2+ 37. Ka1 Rxb4 38. Re6 Ra4+ 39.
Kb1 Rb4+ 40. Kc1 Ra4 41. Rb6 Ra1+ 42. Rb1 Rxb1+ 43. Kxb1 Kf6 44. Bb7 g5 45.
Rd6+ Ke5 46. Rxa6 Rh7 47. Bg2 Kf4 48. Rg6 Rc7 49. Bc6 g4 50. Kc2 Ke3 51. Re6+
Kf2 52. Kd2 g3 53. Re2+ Kf1 54. Bg2+ Kg1 55. Ke3 Rg7 56. Kf3 Kh2 57. Bf1+ g2
58. Rxg2+ 1/2-1/2

[Event "Bundesliga 9798"]
[Site "Deutschland"]
[Date "1997.??.??"]
[Round "?.6"]
[White "Loeffler, Stefan"]
[Black "Uhlmann, Wolfgang"]
[Result "0-1"]
[WhiteElo "2400"]
[BlackElo "2485"]
[PlyCount "58"]
[EventDate "1997.10.??"]
[EventType "team"]
[EventRounds "15"]
[EventCountry "GER"]
[SourceTitle "Bundesliga 9798"]
[Source "DeepChess"]
[SourceDate "2005.01.01"]
[SourceVersion "1"]
[SourceVersionDate "2005.01.01"]
[SourceQuality "1"]
[WhiteTeam "Hamburger SK 1830 e.V."]
[BlackTeam "Dresdner SC 1898"]
[WhiteTeamCountry "GER"]
[BlackTeamCountry "GER"]

1. Nf3 Nf6 2. c4 g6 3. Nc3 Bg7 4. e4 d6 5. d4 O-O 6. h3 c6 7. Bg5 Nbd7 8. Be2
e5 9. d5 h6 10. Be3 cxd5 11. cxd5 Nh5 12. Nh2 Nf4 13. Bf1 Nc5 14. b4 Na6 15. a3
Bd7 16. Qd2 g5 17. f3 f5 18. Bb5 Rc8 19. Bxd7 Qxd7 20. Rc1 Rc4 21. O-O Rfc8 22.
Rfe1 Nc7 23. Kh1 fxe4 24. Nxe4 Ncxd5 25. Nc5 Qb5 26. Rxc4 Qxc4 27. Nxb7 Nxe3
28. Qxe3 Qa2 29. Rg1 Rc2 0-1

[Event "Bundesliga 9798"]
[Site "Deutschland"]
[Date "1997.??.??"]
[Round "?.7"]
[White "Maiwald, Jens Uwe"]
[Black "Sievers, Stefan"]
[Result "1/2-1/2"]
[WhiteElo "2450"]
[BlackElo "2365"]
[PlyCount "36"]
[EventDate "1997.10.??"]
[EventType "team"]
[EventRounds "15"]
[EventCountry "GER"]
[SourceTitle "Bundesliga 9798"]
[Source "DeepChess"]
[SourceDate "2005.01.01"]
[SourceVersion "1"]
[SourceVersionDate "2005.01.01"]
[SourceQuality "1"]
[WhiteTeam "Dresdner SC 1898"]
[BlackTeam "Hamburger SK 1830 e.V."]
[WhiteTeamCountry "GER"]
[BlackTeamCountry "GER"]

1. e4 c5 2. c3 Nf6 3. e5 Nd5 4. Nf3 e6 5. d4 cxd4 6. cxd4 Qc7 7. a3 b6 8. Bd3
Ba6 9. O-O Bxd3 10. Qxd3 Be7 11. Bg5 Nc6 12. Nbd2 f6 13. exf6 gxf6 14. Bh6 Kf7
15. Rac1 Rag8 16. Nc4 Rg6 17. Bd2 Qb8 18. g3 h5 1/2-1/2

[Event "Bundesliga 9798"]
[Site "Deutschland"]
[Date "1997.??.??"]
[Round "?.8"]
[White "Gustafsson, Jan"]
[Black "Borriss, Martin"]
[Result "1/2-1/2"]
[WhiteElo "2375"]
[BlackElo "2430"]
[PlyCount "25"]
[EventDate "1997.10.??"]
[EventType "team"]
[EventRounds "15"]
[EventCountry "GER"]
[SourceTitle "Bundesliga 9798"]
[Source "DeepChess"]
[SourceDate "2005.01.01"]
[SourceVersion "1"]
[SourceVersionDate "2005.01.01"]
[SourceQuality "1"]
[WhiteTeam "Hamburger SK 1830 e.V."]
[BlackTeam "Dresdner SC 1898"]
[WhiteTeamCountry "GER"]
[BlackTeamCountry "GER"]

1. d4 Nf6 2. c4 g6 3. Nc3 Bg7 4. e4 d6 5. Nf3 O-O 6. Be2 e5 7. O-O Nc6 8. dxe5
dxe5 9. Bg5 Qxd1 10. Rfxd1 Ne8 11. Be3 f6 12. Rac1 Rf7 13. h3 1/2-1/2

[Event "Bundesliga 9798"]
[Site "Deutschland"]
[Date "1998.??.??"]
[Round "?.2"]
[White "Lanka, Zigurds"]
[Black "Lerner, Konstantin Z"]
[Result "1-0"]
[WhiteElo "2565"]
[BlackElo "2560"]
[PlyCount "143"]
[EventDate "1997.10.??"]
[EventType "team"]
[EventRounds "15"]
[EventCountry "GER"]
[SourceTitle "Bundesliga 9798"]
[Source "DeepChess"]
[SourceDate "2005.01.01"]
[SourceVersion "1"]
[SourceVersionDate "2005.01.01"]
[SourceQuality "1"]
[WhiteTeam "Dresdner SC 1898"]
[BlackTeam "PSV Turm Duisburg 1920 e.V."]
[WhiteTeamCountry "GER"]
[BlackTeamCountry "GER"]

1. e4 c5 2. Nf3 d6 3. d4 cxd4 4. Nxd4 Nf6 5. Nc3 Nc6 6. Bg5 e6 7. Qd2 a6 8.
O-O-O h6 9. Be3 Bd7 10. f3 b5 11. Nxc6 Bxc6 12. Ne2 Qc7 13. Kb1 Be7 14. h4 Bb7
15. Nd4 Nd7 16. g4 Ne5 17. Be2 Rc8 18. b3 Qc3 19. Qxc3 Rxc3 20. Bd2 Rc8 21. h5
d5 22. f4 Nc6 23. Nxc6 Bxc6 24. e5 f6 25. exf6 gxf6 26. Bd3 Kd7 27. Bg6 d4 28.
Rhf1 Bd5 29. Be1 Bc5 30. c3 f5 31. gxf5 Be4+ 32. Kb2 exf5 33. b4 Be7 34. Rxd4+
Ke6 35. Rxe4+ fxe4 36. f5+ Kd5 37. f6 Bd6 38. Bf7+ Kc6 39. Rf5 e3 40. Bd5+ Kd7
41. f7 Rh7 42. Rf3 Rf8 43. Rxe3 Rhxf7 44. Be6+ Kc6 45. Bxf7 Rxf7 46. Bg3 Re7
47. Rd3 Re2+ 48. Kb3 Be7 49. Bf4 Re6 50. Re3 Rxe3 51. Bxe3 Bf8 52. c4 Bg7 53.
a4 Bf8 54. cxb5+ axb5 55. a5 Kd5 56. a6 Kc6 57. Bc5 Bg7 58. Kc2 Bf6 59. Be3 Bg7
60. Kd3 Bf8 61. Bc5 Bg7 62. Ke4 Bc3 63. Kf5 Bd2 64. Ke6 Bf4 65. a7 Kb7 66. Kd7
Bd2 67. a8=Q+ Kxa8 68. Kc6 Kb8 69. Kxb5 Kb7 70. Kc4 Kc6 71. b5+ Kd7 72. Kd5 1-0

[Event "Bundesliga 9798"]
[Site "Deutschland"]
[Date "1998.??.??"]
[Round "?.3"]
[White "Enders, Peter"]
[Black "Boensch, Uwe"]
[Result "1/2-1/2"]
[WhiteElo "2535"]
[BlackElo "2540"]
[PlyCount "101"]
[EventDate "1997.10.??"]
[EventType "team"]
[EventRounds "15"]
[EventCountry "GER"]
[SourceTitle "Bundesliga 9798"]
[Source "DeepChess"]
[SourceDate "2005.01.01"]
[SourceVersion "1"]
[SourceVersionDate "2005.01.01"]
[SourceQuality "1"]
[WhiteTeam "PSV Turm Duisburg 1920 e.V."]
[BlackTeam "Dresdner SC 1898"]
[WhiteTeamCountry "GER"]
[BlackTeamCountry "GER"]

1. e4 c5 2. Nf3 e6 3. b3 d6 4. Bb2 a6 5. g3 Nc6 6. Bg2 Nf6 7. e5 dxe5 8. Nxe5
Nxe5 9. Bxe5 Bd6 10. Qe2 Bxe5 11. Qxe5 Qd4 12. Qxd4 cxd4 13. c3 Rb8 14. O-O b5
15. cxd4 Bb7 16. Nc3 Kd7 17. f4 g6 18. Rfe1 Bxg2 19. Kxg2 Rb6 20. d5 exd5 21.
Re5 d4 22. Nd5 Nxd5 23. Rxd5+ Rd6 24. Rc5 Re8 25. Kf3 d3 26. Re5 Rc8 27. Ke3
Rc2 28. a4 f6 29. Re4 f5 30. Rb4 Rd5 31. axb5 axb5 32. Ra6 Kc7 33. Rf6 Ra2 34.
h4 Ra1 35. Rd4 Rxd4 36. Kxd4 Rg1 37. Rf7+ Kd6 38. Rxh7 Rxg3 39. h5 Rg4 40. hxg6
Rxf4+ 41. Ke3 Rg4 42. Ra7 Kc5 43. g7 Kb4 44. Rd7 Kxb3 45. Rxd3+ Kc2 46. Rc3+
Kd1 47. Rc7 b4 48. Rb7 b3 49. Rxb3 Rxg7 50. d3 Re7+ 51. Kf4 1/2-1/2

[Event "Bundesliga 9798"]
[Site "Deutschland"]
[Date "1998.??.??"]
[Round "?.4"]
[White "Tischbierek, Raj"]
[Black "Kraut, Rainer"]
[Result "1/2-1/2"]
[WhiteElo "2515"]
[BlackElo "2470"]
[PlyCount "36"]
[EventDate "1997.10.??"]
[EventType "team"]
[EventRounds "15"]
[EventCountry "GER"]
[SourceTitle "Bundesliga 9798"]
[Source "DeepChess"]
[SourceDate "2005.01.01"]
[SourceVersion "1"]
[SourceVersionDate "2005.01.01"]
[SourceQuality "1"]
[WhiteTeam "Dresdner SC 1898"]
[BlackTeam "PSV Turm Duisburg 1920 e.V."]
[WhiteTeamCountry "GER"]
[BlackTeamCountry "GER"]

1. g3 d5 2. Bg2 Nf6 3. d3 c6 4. Nd2 e5 5. e4 Bg4 6. Ngf3 Nbd7 7. h3 Bh5 8. O-O
Bd6 9. Qe1 O-O 10. Nh4 Re8 11. f4 exf4 12. gxf4 Qc7 13. e5 Nxe5 14. fxe5 Rxe5
15. Qf2 Re2 16. Qf5 Re5 17. Qf2 Re2 18. Qf5 Re5 1/2-1/2

[Event "Bundesliga 9798"]
[Site "Deutschland"]
[Date "1998.??.??"]
[Round "?.5"]
[White "Unzicker, Wolfgang"]
[Black "Uhlmann, Wolfgang"]
[Result "1/2-1/2"]
[WhiteElo "2420"]
[BlackElo "2485"]
[PlyCount "25"]
[EventDate "1997.10.??"]
[EventType "team"]
[EventRounds "15"]
[EventCountry "GER"]
[SourceTitle "Bundesliga 9798"]
[Source "DeepChess"]
[SourceDate "2005.01.01"]
[SourceVersion "1"]
[SourceVersionDate "2005.01.01"]
[SourceQuality "1"]
[WhiteTeam "PSV Turm Duisburg 1920 e.V."]
[BlackTeam "Dresdner SC 1898"]
[WhiteTeamCountry "GER"]
[BlackTeamCountry "GER"]

1. e4 e6 2. d4 d5 3. Nd2 c5 4. Ngf3 Nc6 5. exd5 exd5 6. Bb5 Bd6 7. O-O cxd4 8.
Nb3 Nge7 9. Nbxd4 O-O 10. Bg5 Qc7 11. Re1 Bg4 12. Nxc6 Nxc6 13. h3 1/2-1/2

[Event "Bundesliga 9798"]
[Site "Deutschland"]
[Date "1998.??.??"]
[Round "?.6"]
[White "Maiwald, Jens Uwe"]
[Black "Thesing, Matthias"]
[Result "0-1"]
[WhiteElo "2450"]
[BlackElo "2440"]
[PlyCount "69"]
[EventDate "1997.10.??"]
[EventType "team"]
[EventRounds "15"]
[EventCountry "GER"]
[SourceTitle "Bundesliga 9798"]
[Source "DeepChess"]
[SourceDate "2005.01.01"]
[SourceVersion "1"]
[SourceVersionDate "2005.01.01"]
[SourceQuality "1"]
[WhiteTeam "Dresdner SC 1898"]
[BlackTeam "PSV Turm Duisburg 1920 e.V."]
[WhiteTeamCountry "GER"]
[BlackTeamCountry "GER"]

1. e4 c5 2. d3 Nc6 3. g3 g6 4. Bg2 Bg7 5. f4 d6 6. Nf3 e6 7. O-O Nge7 8. c3 b5
9. Be3 b4 10. d4 cxd4 11. cxd4 O-O 12. Nbd2 a5 13. Re1 Ba6 14. Bf2 Na7 15. g4
Qd7 16. f5 Nac6 17. Bh3 exf5 18. gxf5 d5 19. Ng5 Qa7 20. fxg6 fxg6 21. Ndf3 Bc8
22. Ne6 Rf7 23. Rc1 Qb6 24. Rc5 Nd8 25. exd5 Nf5 26. Nfg5 Re7 27. Bxf5 gxf5 28.
Nxg7 Qg6 29. Bh4 Qxg7 30. Rxe7 Qxe7 31. Qc1 Bb7 32. Rc7 Qe2 33. Nf3 Nf7 34.
Rxf7 Kxf7 35. Qc7+ 0-1

[Event "Bundesliga 9798"]
[Site "Deutschland"]
[Date "1998.??.??"]
[Round "?.7"]
[White "Pirrot, Dieter"]
[Black "Borriss, Martin"]
[Result "0-1"]
[WhiteElo "2410"]
[BlackElo "2430"]
[PlyCount "52"]
[EventDate "1997.10.??"]
[EventType "team"]
[EventRounds "15"]
[EventCountry "GER"]
[SourceTitle "Bundesliga 9798"]
[Source "DeepChess"]
[SourceDate "2005.01.01"]
[SourceVersion "1"]
[SourceVersionDate "2005.01.01"]
[SourceQuality "1"]
[WhiteTeam "PSV Turm Duisburg 1920 e.V."]
[BlackTeam "Dresdner SC 1898"]
[WhiteTeamCountry "GER"]
[BlackTeamCountry "GER"]

1. e4 c5 2. c3 g6 3. d4 cxd4 4. cxd4 d5 5. e5 Nc6 6. Nc3 Bg7 7. Bb5 f6 8. exf6
exf6 9. Nge2 Be6 10. O-O Nge7 11. Nf4 Bf7 12. Bxc6+ bxc6 13. Na4 O-O 14. b3 Re8
15. Bb2 Nf5 16. Qf3 Qd6 17. Nd3 Re4 18. Nac5 Nxd4 19. Bxd4 Rxd4 20. Rae1 f5 21.
Qe3 Re8 22. Qc1 f4 23. Rxe8+ Bxe8 24. Re1 Bf7 25. f3 g5 26. Qa3 Rxd3 0-1

[Event "Bundesliga 9798"]
[Site "Deutschland"]
[Date "1998.??.??"]
[Round "?.8"]
[White "Gauglitz, Gernot"]
[Black "Zude, Arno"]
[Result "1-0"]
[WhiteElo "2400"]
[BlackElo "2395"]
[PlyCount "59"]
[EventDate "1997.10.??"]
[EventType "team"]
[EventRounds "15"]
[EventCountry "GER"]
[SourceTitle "Bundesliga 9798"]
[Source "DeepChess"]
[SourceDate "2005.01.01"]
[SourceVersion "1"]
[SourceVersionDate "2005.01.01"]
[SourceQuality "1"]
[WhiteTeam "Dresdner SC 1898"]
[BlackTeam "PSV Turm Duisburg 1920 e.V."]
[WhiteTeamCountry "GER"]
[BlackTeamCountry "GER"]

1. d4 Nf6 2. Nf3 e6 3. c4 b6 4. g3 Bb7 5. Bg2 Be7 6. O-O O-O 7. d5 exd5 8. Nh4
c6 9. cxd5 Nxd5 10. Nf5 Nc7 11. e4 Ne6 12. Nc3 Na6 13. Re1 Nac7 14. Qg4 Kh8 15.
Bf4 g6 16. Nxe7 Qxe7 17. Bh6 Rfd8 18. e5 d5 19. exd6 Qxd6 20. Qh4 Qd4 21. Re4
Qd7 22. Bf4 Ne8 23. Be5+ Kg8 24. Qxh7+ Kf8 25. Bh3 c5 26. Re3 Qc6 27. Ne4 Rd3
28. Bxe6 Qxe6 29. Ng5 Qd5 30. Bd6+ 1-0

[Event "Bundesliga 9798"]
[Site "Deutschland"]
[Date "1997.??.??"]
[Round "?.2"]
[White "Almasi, Zoltan"]
[Black "Knaak, Rainer"]
[Result "0-1"]
[WhiteElo "2615"]
[BlackElo "2555"]
[PlyCount "104"]
[EventDate "1997.10.??"]
[EventType "team"]
[EventRounds "15"]
[EventCountry "GER"]
[SourceTitle "Bundesliga 9798"]
[Source "DeepChess"]
[SourceDate "2005.01.01"]
[SourceVersion "1"]
[SourceVersionDate "2005.01.01"]
[SourceQuality "1"]
[WhiteTeam "Dresdner SC 1898"]
[BlackTeam "SAbt SV Werder Bremen"]
[WhiteTeamCountry "GER"]
[BlackTeamCountry "GER"]

1. e4 e6 2. d4 d5 3. Nc3 Nf6 4. Bg5 dxe4 5. Nxe4 Be7 6. Bxf6 gxf6 7. Nf3 b6 8.
Bc4 Bb7 9. Qe2 c6 10. O-O-O Qc7 11. Rhe1 Nd7 12. Kb1 O-O-O 13. Ba6 Bxa6 14.
Qxa6+ Kb8 15. Qe2 Rdg8 16. g3 f5 17. Ned2 h5 18. Nc4 h4 19. Rd3 hxg3 20. hxg3
Rd8 21. Red1 Bf6 22. a3 b5 23. Ne3 Nb6 24. Rc1 f4 25. Ng4 Bg7 26. gxf4 Nd5 27.
Rb3 Nxf4 28. Qe3 Nd5 29. Qe1 Nb6 30. Nge5 Bxe5 31. Nxe5 f6 32. Nf3 Qd7 33. Qe2
Ka8 34. Re1 Rhe8 35. Re3 Qd5 36. Rd3 Nc4 37. Nd2 Nxd2+ 38. Qxd2 Rh8 39. f3 Rh4
40. Rd1 Rdh8 41. Qe1 f5 42. b3 Rh3 43. Qe3 Kb7 44. Kb2 Rg3 45. Re1 Rg6 46. Qd2
Qd6 47. Qa5 Rh2 48. Re5 Rgg2 49. Rc5 Rh1 50. Rdc3 Qxd4 51. Rxb5+ Ka8 52. a4
cxb5 0-1